000 00216nam a2200097Ia 4500
008 190216s9999||||xx |||||||||||||| ||und||
100 _aNull
245 0 _aHindi-Katha Sapthak
260 _bRajani Prakasan
942 _cBK
999 _c17709
_d17709